Countries with a Z - Statistics

General Stats
  • This quiz has been taken 68 times
  • The average score is 12 of 16
Answer Stats
Answer % Correct
Zambia
100%
Zimbabwe
98%
Azerbaijan
85%
Mozambique
83%
Brazil
76%
New Zealand
76%
Tanzania
76%
Uzbekistan
76%
Swaziland
74%
Switzerland
74%
Venezuela
74%
Kazakhstan
69%
Kyrgyzstan
69%
Belize
67%
Czechia
61%
Bosnia and Herzegovina
56%
No matching quizzes found
Score Distribution
Percent of People with Each Score
Percentile by Number Answered
Your Score History
You have not taken this quiz